000 00567nam a2200217Ia 4500
001 983
003 GE_BSU
008 181216s||||||||xx |||||||||||||| ||und||
040 _cGE_BSU
080 _a811.116.2
100 _aПавлова,В.П.
245 _aОбучение конспектированию
245 _b(теория и практика)
260 _aМосква
260 _bРусский язык
260 _c1983
300 _a96стр.
541 _h3л.
653 _aОбучение конпектированию
942 _cBK
999 _c35141
_d35141